Los fondos estatales del centro occidente de México /

Catálogo de los beneficiados por los Fondos Estatales para la Cultura y las Artes durante 1995-2000 en los estados de Aguascalientes, Colima, Guanajuato, Jalisco, Michoacán, Nayarit, Querétaro, San Luis Potosí y Zacatecas. De cada entidad y por año se presenta: la comisión de planeación; la comisión...

Ausführliche Beschreibung

Gespeichert in:
Bibliographische Detailangaben
Körperschaft: CONACULTA
Format: Buch
Sprache:Spanisch
Veröffentlicht: México : CONACULTA, Coordinación Nacional de Desarrollo Cultural Regional, 2000, c2000
Schlagworte:
Tags: Tag hinzufügen
Keine Tags, Fügen Sie das erste Tag hinzu!

MARC

LEADER 00000nam^a2200000^a^4500
001 000186941
005 20250623000000.0
009 20260310102243.939
020 |a 970-18-5004-1 
025 |a Donación sin dato, 1 ejemplar 
037 |a Acervo ITESO - Biblioteca 
041 |a ESP 
082 |a 306. 40972  |b CONACULTA COC 1995-2000 
110 |a CONACULTA 
245 1 4 |a Los fondos estatales del centro occidente de México /  |c Consejo Nacional para la Cultura y las Artes. 
264 4 |a México :  |b CONACULTA, Coordinación Nacional de Desarrollo Cultural Regional,  |c 2000, c2000 
300 |a 237 p. 
336 |a texto  |b txt  |2 rdacontenido 
337 |a sin mediación  |b n  |2 rdamedio 
338 |a volumen  |b nc  |2 rdasoporte 
520 |a Catálogo de los beneficiados por los Fondos Estatales para la Cultura y las Artes durante 1995-2000 en los estados de Aguascalientes, Colima, Guanajuato, Jalisco, Michoacán, Nayarit, Querétaro, San Luis Potosí y Zacatecas. De cada entidad y por año se presenta: la comisión de planeación; la comisión técnica de selección de candidatos; los becarios, con los siguientes datos: nombre, categoría, disciplina, género, nombre del proyecto y metas del proyecto; los proyectos recibidos y aprobados, así como los montos del apoyo. 
649 |a XX 
650 |a Organismos Culturales -  |z Aguascalientes 
650 |a Organismos Culturales -  |z Colima 
650 |a Organismos Culturales -  |z Guanajuato 
650 |a Organismos Culturales -  |z Jalisco 
650 |a Organismos Culturales -  |z Michoacán 
650 |a Organismos Culturales -  |z Nayarit 
650 |a Organismos Culturales -  |z Querétaro 
650 |a Organismos Culturales -  |z San Luis Potosí 
650 |a Organismos Culturales -  |z Zacatecas 
650 |a Organismos Culturales -  |z México -  |x Administración 
650 |a Organismos Culturales -  |z México -  |x Historia -  |y 1994-2000 
650 |a Instituciones de Difusión de la Cultura -  |z Aguascalientes 
650 |a Instituciones de Difusión de la Cultura -  |z Colima 
650 |a Instituciones de Difusión de la Cultura -  |z Guanajuato 
650 |a Instituciones de Difusión de la Cultura -  |z Jalisco 
650 |a Instituciones de Difusión de la Cultura -  |z Michoacán 
650 |a Instituciones de Difusión de la Cultura -  |z Nayarit 
650 |a Instituciones de Difusión de la Cultura -  |z Querétaro 
650 |a Instituciones de Difusión de la Cultura -  |z San Luis Potosí 
650 |a Instituciones de Difusión de la Cultura -  |z Zacatecas 
650 |a Instituciones de Difusión de la Cultura -  |z México -  |x Administración 
650 |a Instituciones de Difusión de la Cultura -  |z México -  |x Historia -  |y 1994-2000 
650 |a Cultura -  |z Aguascalientes -  |x Difusión 
650 |a Cultura -  |z Colima -  |x Difusión 
650 |a Cultura -  |z Guanajuato -  |x Difusión 
650 |a Cultura -  |z Jalisco -  |x Difusión 
650 |a Cultura -  |z Michoacán -  |x Difusión 
650 |a Cultura -  |z Nayarit -  |x Difusión 
650 |a Cultura -  |z Querétaro -  |x Difusión 
650 |a Cultura -  |z San Luis Potosí -  |x Difusión 
650 |a Cultura -  |z Zacatecas -  |x Difusión 
650 |a Cultura -  |z México -  |x Difusión 
650 |a Cultura -  |z México -  |x Historia -  |y 1994-2000 
650 |a Política Cultural -  |z México -  |x Historia -  |y 1994-2000 
650 |a Políticas Públicas -  |z México -  |x Historia -  |y 1994-2000 
650 |a Presupuesto Público -  |z México -  |x Historia -  |y 1994-2000 
650 |a Finanzas Públicas -  |z México -  |x Historia -  |y 1994-2000 
650 |a Administración Pública -  |z México -  |x Historia -  |y 1994-2000 
650 |a Administración Pública -  |z México -  |x Historia -  |y Siglo XX 
650 |a Política -  |z México -  |x Historia -  |y 1994-2000 
650 |a Política -  |z México -  |x Historia -  |y Siglo XX 
910 |a Fondo General 
920 |a Impresos - Libros 
930 |a Colección General 
905 |a 101 
901 |a 0500138615  |b IT1  |c ACC  |d DT  |i D  |u 20250623 
902 |a https://opac.biblio.iteso.mx/vufind/Record/000186941